000 00468nam a2200181Ia 4500
001 3346
005 20260306145636.0
008 260306t1960||||xx |||||||||||||| ||spa||
041 _aESP
082 _a270
_bLL758 T. 1
100 _aLlorca, Bernardino
_eAUT
245 0 _aHistoria de la Iglesia Católica:
_bedad antigua: la Iglesia en el mundo grecorromano
260 _c1960
300 _a
_c20 cm.
650 _aGEN
654 _aCHU
942 _cLIB
_dJUS
_fJUS
_2ddc
_n
999 _c3346
_d3346